000 01030nam a22003257a 4500
001 BR9702667
003 BR-BrBNA
005 20230928095438.0
007 ta
008 230509b bl.||||| |||| 00| 0 por d
040 _aBR-BrBNA
_bpor
_cBiblioteca Nacional de Agricultura
041 _a(Por)
072 _aE14
_b1540
090 _ 1540 BR9702667
110 1 _aCentro Nacional de Pesquisa de Mandioca e Fruticultura, Cruz das Almas, BA (Brasil)
_91783
110 1 _aEmpresa Brasileira de Assistencia Tecnica e Extensao Rural, Brasilia, DF (Brasil)
110 1 _aCentro Internacional de Agricultura Tropical, Cali (Colombia)
_91696
245 1 _aDesenvolvimento da Mandioca no nordeste do Brasil
260 3 _aCruz das Almas, BA (Brasil):
_c1987.
300 _a33 p.
500 _a11 ref.
650 _aMandioca
650 _aProjeto Agricola
650 _aCurso
650 _aProducao
650 _aComercializacao
650 _aTecnologia de Alimento
909 _a202309
_bLucia
_c55
_dLucia Elande
942 _cBK
999 _c56618
_d56618